000 00307nam a22001337a 4500
008 170809b xxu||||| |||| 00| 0 eng d
020 _a0538601310
041 _aeng
080 _22ND
_a004
100 _a35
101 _aSHK
245 _aCOMPUTERS AND INFORMATION PROCESSING
_cCLARK,J.F
942 _2udc
_cBK
999 _c23007
_d23007